| 000 | 00391nam a2200157Ia 4500 | ||
|---|---|---|---|
| 008 | 210716s2012 xx 000 0 und d | ||
| 020 | _a9788131516041 | ||
| 041 | _aeng | ||
| 082 | _a651.7 NAWM | ||
| 100 | _aNawal, Mallikal. | ||
| 245 | _aBusiness communication. | ||
| 250 | _a1 | ||
| 260 |
_aNew Delhi _bCengage Learning _c2012 |
||
| 300 | _axxi;511 | ||
| 650 | _aBusiness Communication | ||
| 999 |
_c207562 _d207562 |
||